Sports Quiz

Random Sports Quiz
Score 0/147 Timer 20:00
0 Plays Today
Entrée coureur % Correct
2010Thibaut Pinot
96.7%
2012Arnaud Demare
89.3%
2017David Gaudu
80.3%
1997Fred Guesdon
79.4%
2003Philippe Gilbert
78.1%
2011Nacer Bouhanni
76.1%
2016Sebastien Reichenbach
76%
2019Stefan Kung
73.8%
2000Sandy Casar
73.1%
2008Anthony Roux
71.7%
2015Steve Morabito
69.2%
1998Bradley Mcgee
68.2%
1997Christophe Mengin
67.5%
2010Arthur Vichot
66.5%
2011William Bonnet
66%
2006Matthieu Ladagnous
65.8%
2002Baden Cooke
65.3%
2018Valentin Madouas
64%
2002Bradley Wiggins
63.3%
2003Jérémy Roy
62.9%
1997Davide Rebellin
62.8%
1997Simone Rebellin
62.6%
2017Jacopo Guarnieri
58.6%
2003Benoit Vaugrenard
57.9%
2017Rudy Molard
57.1%
2015Marc Sarreau
54.9%
2001Jacky Durand
54.2%
2017Davide Cimolai
54.2%
2018Ramon Sinkeldam
54.2%
2011Cédric Pineau
54%
2016Ignatas Konovalovas
52.9%
2005Mickael Delage
52.8%
2017Tobias Ludvigsson
52.4%
2019Kevin Geniets
51.5%
1998Jimmy Casper
51.1%
2018Antoine Duchesne
50.7%
1997Jean Patrick Nazon
50.3%
1997Damien Nazon
50.3%
2018Georg Preidler
49.4%
2005Jussi Veikkanen
47.8%
2019Kilian Frankiny
47.8%
2018Benjamin Thomas
47.6%
2011Pierrick Fedrigo
46.9%
2007Sébastien Chavanel
46.8%
1998Yevgeni Berzin
46.7%
2020Alexys Brunel
46.7%
2014Olivier LeGac
46.4%
2008Yauheni Hutarovich
45.6%
2013Alexandre Geniez
45.4%
Entrée coureur % Correct
1997Max Sciandri
43.6%
2003Bernhard Eisel
42.9%
2004Francis Mourey
42.8%
1997Nicolas Vogondy
42.6%
1997Chris Horner
42.4%
1998Emmanuel Magnien
42.2%
2019Miles Scotson
41.4%
1997Stéphane Heulot
41.1%
2013Johan LeBon
40.4%
1997Mauro Gianetti
40.1%
2015Lorrenzo Manzin
38.9%
2015Kevin Reza
38.9%
2008Yoann Offredo
38.8%
2017Léo Vincent
38.8%
2013Murilo Fischer
38.6%
2012Kenny Elissonde
38.3%
2011Geoffrey Soupe
37.9%
2018Bruno Armirail
37.2%
2020Fabian Lienhard
36.7%
1999Jean Cyril Robin
36.5%
2018Romain Seigle
36.5%
2009Christophe LeMevel
36.3%
2016Odd Eiking
36.3%
2011Arnold Jeannesson
35.8%
2002Carlos DaCruz
34.3%
2020Simon Guglielmi
33.9%
2011Steve Chainel
33.8%
2009Anthony Geslin
33.6%
2014Pierre Henri Lecuisinier
33.2%
2016Daniel Hoelgaard
33.2%
2005Rémy DiGregorio
32.9%
2000Frank Hoj
32.8%
2013Laurent Pichon
32.8%
2003Mickael Pichon
32.6%
2006Gustav Larsson
32.6%
1999Lars Michaelsen
32.4%
2016Marc Fournier
31.7%
1997Xavier Jan
31.4%
2011Arnaud Courteille
31.3%
2000Sven Montgomery
30.7%
2002Matthew Wilson
30%
1997Andrea Peron
29%
1997Eddy Seigneur
28.6%
2012David Boucher
28.3%
2004Thomas Lofkvist
28.2%
1997Erwann Mentheour
28.1%
2007Mikael Cherel
27.9%
1998Yvon Ledanois
27.6%
1999Christophe Bassons
27.5%
Entrée coureur % Correct
2000Nicolas Fritsch
27.4%
2006Sébastien Joly
27.4%
2008Gianni Meersman
27.4%
2016Jérémy Maison
27.1%
2000Fabrizio Guidi
26.4%
2008Jerome Coppel
26%
2005Frédéric Finot
24.6%
2004Mark Renshaw
24.3%
2005Lilian Jegou
24.2%
2008Jelle Vanendert
24.2%
1997Flavio Vanzella
23.3%
1999Cyril Saugrain
23.1%
1998Patrick D'Hondt
22.9%
1998Franck Perque
22.8%
2005Christophe Detilloux
22.5%
2008Yoann LeBoulanger
22.4%
2005Ian McLeod
21.9%
2008Guillaume Levarlet
21.1%
2011Dominique Rollin
21%
1997Franck Bouyer
20.8%
2011Rémi Pauriol
20.6%
2000Grzegorz Gwiazdowski
20%
1997Thomas Davy
19.9%
2005Arnaud Gerard
19.9%
2005Ludovic Auger
19.7%
2013Emilien Viennet
19.7%
1998Anthony Morin
19.4%
2004Freddy Bichot
19.4%
2001Regis Lhuillier
18.8%
2003David Derepas
18.8%
2012Gabriel Rasch
18.6%
2006Eric Leblacher
18.1%
2007Timothy Gudsell
18.1%
1998Franck Morelle
17.8%
2009Wesley Sulzberger
17.8%
2009Aurélien Duval
16.9%
2000Daniel Schnider
16.4%
2013Laurent Mangel
16.1%
2006Fabien Patanchon
16%
2007Thierry Marichal
16%
2005Cyrille Monnerais
14.7%
2010Olivier Bonnaire
14.7%
2001Thomas Bodo
14.3%
2003Fabien Sanchez
13.5%
1999Jean Michel Tessier
13.3%
2008Tom Stubbe
12.8%
2007Johan Lindgren
12.6%
2010Pierre Cazaux
11.7%
2002Franck Pencolé
11.4%
Remove Ads.
Support Sporcle.
Get the best of Sporcle when you Go Orange. This ad-free experience offers more features, more stats, and more fun while also helping to support Sporcle. Thank you for becoming a member.

You're not logged in!

Compare scores with friends on all Sporcle quizzes.
OR
Log In

Sporcle TV

Today on Sporcle TV


Watch our educational content, quiz creation guides, and fun videos on Sporcle TV.

Show Comments

Extras

Created May 8, 2020ReportNominate
Tags:creation, les, structure

Top Quizzes Today


Score Distribution

Paid Content

Your Account Isn't Verified!

In order to create a playlist on Sporcle, you need to verify the email address you used during registration. Go to your Sporcle Settings to finish the process.

Report this User

Report this user for behavior that violates our Community Guidelines.

Details: